Normal view
MARC view
- Videotex systems
Entry Topical Term
001 - CONTROL NUMBER
- control field: 106919
003 - CONTROL NUMBER IDENTIFIER
- control field: NUST
005 - DATE AND TIME OF LATEST TRANSACTION
- control field: 20230116170506.0
008 - FIXED-LENGTH DATA ELEMENTS
- fixed length control field: 230116|| aca||aabn | a|a d
040 ## - CATALOGING SOURCE
- Original cataloging agency: NUST
- Transcribing agency: NUST
150 ## - HEADING--TOPICAL TERM
- Topical term or geographic name entry element: Videotex systems
670 ## - SOURCE DATA FOUND
- Source citation: Work cat.: (NUST)184799: Woolfe, Roger. 106917, Videotex :, c1980.
